Chrysobalanaceae do Parque Nacional da Serra da Canastra, Minas Gerais, Brasil (Registro n. 328817)
[ somente texto ]
| 000 -LÍDER | |
|---|---|
| fixed length control field | 01955nab a2200265 i 4500 |
| 003 - CÓDIGO MARC DA AGÊNCIA CATALOGADORA | |
| Campo de controle | BR-BrBNA |
| 005 - DATA E HORA DA ÚLTIMA ATUALIZAÇÃO | |
| Campo de controle | 20241126083435.0 |
| 008 - CAMPO DE TAMANHO FIXO | |
| fixed length control field | 241126b2010 bl.qr|pooa||| 00| 0 por | |
| 040 ## - FONTE DA CATALOGAÇÃO | |
| Agência catalogadora | BR-BrBNA |
| Idioma da catalogação | por |
| 072 ## - CATEGORIA AGRIS | |
| Código AGRIS | F70 |
| 100 ## - ENTRADA PRINCIPAL - NOME PESSOAL | |
| Nome pessoal | Hemsing, Paula Katiane Boesing |
| 100 ## - ENTRADA PRINCIPAL - NOME PESSOAL | |
| Nome pessoal | Romero, Rosana |
| 245 ## - TÍTULO PRINCIPAL | |
| Título principal | Chrysobalanaceae do Parque Nacional da Serra da Canastra, Minas Gerais, Brasil |
| 500 ## - NOTA GERAL | |
| Nota geral | Publicação on-line; 27 ref.; 3 illus.; Summaries (En, Pt) |
| 942 ## - ADDED ENTRY ELEMENTS (KOHA) | |
| Koha item type | Analítica |
| 520 ## - NOTA DE RESUMO | |
| Nota de conteúdo | <br/><br/>Resumo<br/><br/>O Parque Nacional da Serra da Canastra está localizado na porção sudoeste do estado de Minas Gerais, Região<br/>Sudeste do Brasil. Na área, Chrysobalanaceae está representada por Couepia grandiflora, Hirtella glandulosa,<br/>H. gracilipes, Licania humilis e Parinari obtusifolia. O tratamento da família para o Parque apresenta chave<br/>de identificação, descrições, ilustrações, dados de distribuição geográfica e comentários sobre as espécies.<br/><br/>Palavras-chave: campo rupestre, cerrado, florística, unidades de conservação.<br/> |
| 520 ## - NOTA DE RESUMO | |
| Nota de conteúdo | <br/><br/>Abstract<br/><br/>Serra da Canastra National Park is located in southwestern Minas Gerais, Southeast Brazil. In the Park,<br/>Chrysobalanaceae is represented by Couepia grandiflora, Hirtella glandulosa, H. gracilipes, Licania humilis,<br/>and Parinari obtusifolia. A key to the species, descriptions, illustrations, distribution data, and comments<br/>about the taxa are provided.<br/><br/>Key words: campo rupestre, cerrado, floristics, conservation units. |
| 650 ## - ASSUNTO - THESAGRO | |
| Cabeçalho tópico ou nome geográfico | CAMPO |
| 650 ## - ASSUNTO - THESAGRO | |
| Cabeçalho tópico ou nome geográfico | CERRADO |
| 650 ## - ASSUNTO - THESAGRO | |
| Cabeçalho tópico ou nome geográfico | COMPOSIÇÃO BOTÂNICA |
| 650 ## - ASSUNTO - THESAGRO | |
| Cabeçalho tópico ou nome geográfico | UNIDADE DE CONSERVAÇÃO |
| 773 0# - ENTRADA ANALÍTICA | |
| Host Biblionumber | 709 |
| Registro do item | 346668 |
| Imprenta | Rio de Janeiro-RJ Jardim Botanico do Rio de Janeiro 1935 |
| Outro identificador | 2024-7379 |
| Título | Rodriguésia (Brazil) |
| ISSN | 0370-6583; 2175-7860 on-line |
| Colação | v. 61(2) p. 281-288; (2010) |
| Número de controle de registro | BR2024003667 |
| 856 ## - ACESSO E ENDEREÇO ELETRÔNICO | |
| Identificador uniforme de recurso - URI | https://www.scielo.br/j/rod/a/wMR949tjRR8ZkTwDhD8H34w/?format=pdf&lang=pt |
Nenhum exemplar disponível.

BINAGRI